000 00411nam a2200169Ia 4500
003 LK-CoDNM
008 010623t xxu||||| |||| 00| 1 sin d
040 _aLK-CoDNM
_dLK-CoDNM
_eLK-CoDNM
041 _asin
080 _a225 (5)
100 _aSaint John
245 _aජීීවිතයේ ආලෝකය
246 _aJeevithaye Alokaya
300 _b70p., 18 cm
650 _aChristianity
942 _cBK
999 _c138332
_d138332